Az 1941 évi népszámlálás

Salvato in:
Dettagli Bibliografici
Natura: Libro
Lingua:ungherese
Pubblicazione: Budapest Központi statisztikai hivatal 1982
Tags: Aggiungi Tag
Nessun Tag, puoi essere il primo ad aggiungerne!!

MARC

LEADER 00000nam a2200000 4500
001 c117128
005 20041019155206.6
041 0 |a hun 
044 |a HU 
245 1 0 |a Az 1941  |b évi népszámlálás 
264 1 |a Budapest  |b Központi statisztikai hivatal  |c 1982 
300 |a 477 s.